| 000 | | | 06196cbc2a2200000#x 450 |
| 001 | | | fccd0893-52ca-4162-8f23-30440a92f21a |
| 005 | | | 20191217165546.0 |
| 100 | ## | $a | 20170626l18451845k l0rusy0189 ca |
| 101 | 0# | $a | rus |
| 102 | ## | $a | RU |
| 200 | 1# | $a | Дело о выдаче поспектакльного вознаграждения Рафаилу Зотову за представление на Московском театре пьесы его сочинения "Булат Темир" |
| | $j | 12-18 октября 1845 г. |
| 251 | ## | $c | Дело |
| 300 | ## | $a | По Санкт-Петербургской дирекции за 1845 год |
| 300 | ## | $a | Оригинальный заголовок дела: Дело по отношению Конторы московских театров с препровождением денег для отдачи господину Зотову, за представление на московских театрах пьесы его сочинения "Булат Темир". 12 октября - 18 октября 1845 г. |
| 300 | ## | $a | Рукописный текст. Чернила |
| 801 | #0 | $a | RU |
| | $b | РГИА |
| | $c | 20170626 |
| 801 | #1 | $a | RU |
| | $b | ГлавНИВЦ |
| | $c | 20170626 |
| | $2 | rusmarc |
| 801 | #2 | $a | RU |
| | $b | ПБ им. Б.Н. Ельцина |
| | $c | 20181224 |
| | $g | RCR |
| | $2 | rusmarc |
| 850 | ## | $a | Федеральное казенное учреждение "Российский государственный исторический архив" (РГИА) |
| 852 | ## | $a | РГИА |
| | $j | 10506 |
| 937 | ## | $h | РГИА |
| | $d | 12244990 |
| | $a | ASBIBLIO_SCAN |
| 462 | #0 | $1 | 001dd3991dc-24e1-42ec-8838-ca4255420416 |
| | $1 | 2001 |
| | $a | 1746-1850 гг. |
| | $v | Д. 10506 |
| | $1 | 251 |
| | $c | Опись |
| | $1 | 852 |
| | $j | 1 |
| 461 | #0 | $1 | 0019264ebf8-de62-4f1a-9eb4-9f22098dbbd5 |
| | $1 | 2001 |
| | $a | Дирекция императорских театров МИДв |
| | $1 | 251 |
| | $c | Фонд |
| | $1 | 852 |
| | $j | 497 |
| 215 | ## | $a | 4 листа |
| | $d | 36,5х26 см |
| 371 | ## | $a | Документ не является опубликованным и широко распространяемым |
| 105 | ## | $a | y### |
| 122 | 2# | $a | d18451012## |
| | $a | d18451018## |
| 517 | 1# | $a | Дело по отношению Конторы московских театров с препровождением денег для отдачи господину Зотову, за представление на московских театрах пьесы его сочинения "Булат Темир" |
| | $e | 12 октября - 18 октября 1845 г. |
| 035 | ## | $a | fccd0893-52ca-4162-8f23-30440a92f21a |
| 856 | ## | $u | http://readingroom.main.prlib.ru/item.aspx?id_node=n122243259&mode=full |
| 600 | #1 | $2 | prlib_sh |
| | $3 | LIBNET\UAF\0000086651 |
| | $a | Зотов |
| | $b | Р.М. |
| | $g | Рафаил Михайлович |
| | $f | 1795-1871 |
| | $j | Документы и материалы |
| 606 | 1# | $2 | prlib_sh |
| | $3 | LIBNET\UAF\0000086645 |
| | $a | Театральные работники |
| | $x | Вознаграждение |
| | $y | Россия |
| | $j | Документы и материалы |
| 601 | 01 | $2 | prlib_sh |
| | $3 | LIBNET\UAF\0000084209 |
| | $a | Россия |
| | $b | Дирекция императорских театров |
| | $b | Московская контора |
| | $j | Документы и материалы |
| 686 | ## | $2 | rubbk |
| | $a | 63.3(2)521-7 |
| | $v | LBC/M |
| 686 | ## | $a | 85.334 |
| | $v | LBC/M |
| | $2 | rubbk |
| 605 | ## | $2 | acquisition_Prlib |
| | $3 | LIBNET\UAF\0000080478 |
| | $a | Год театра в России |
| | $l | коллекция |
| 605 | ## | $2 | acquisition_Prlib |
| | $3 | DITM\AF\0000004166 |
| | $a | Россия в лицах |
| | $l | коллекция |